Statistiques concernant Pays de l'Empire japonais

Cliquez ici pour prendre le quiz!

Statistiques générales

  • Ce quiz a été pris 4 865 fois
  • Le résultat moyen est 22 sur 27

Statistiques - réponses

% OccupéPays% Correct
30Chine
99%
100Corée du Sud
95%
100Corée du Nord
95%
100Viêt Nam
94%
100Indonésie
94%
< 1Russie
92%
100Laos
92%
100Cambodge
91%
(Passage gratuit
des troupes)
Thaïlande
91%
< 1Inde
(Îles Andaman)
90%
100Malaisie
88%
100Philippines
87%
< 1Australie
(Île Christmas)
86%
< 1États-Unis
(îles du Pacifique)
85%
100Birmanie
84%
100Taïwan
84%
100Singapour
82%
100Japon
74%
90Papouasie-Nouvelle-
Guinée
72%
100Brunei
71%
100Micronésie
70%
100Timor oriental
67%
100Îles Marshall
63%
20?Kiribati
61%
20?Salomon
61%
100Palaos
61%
100Nauru
60%

Distribution des résultats

Percentile par nombre de réponses

% des personnes avec chaque résultat

Votre développement - résultats

Vous n’avez pas pris ce quiz